Longest Total Land Borders Quiz Stats

 Plays Quiz Updated Oct 2, 2018

Score 0/30 Timer 05:00
12 Plays Today
Country % Correct
2Russia
99.2%
1China
98.8%
5United States
98.6%
9Canada
96.8%
3Brazil
94.5%
4India
90.9%
8Argentina
87.6%
17Chile
86.1%
10Mongolia
76.9%
26Iran
74%
12Pakistan
71.5%
13Sudan
69.6%
6Kazakhstan
67.6%
7Democratic Republic of the Congo
66.1%
23Peru
64.7%
Country % Correct
24Afghanistan
64.1%
19Chad
63.8%
21Niger
63.7%
15Algeria
58.8%
18Colombia
55.5%
14Bolivia
53.4%
11Mali
50.6%
28South Sudan
48.7%
16Uzbekistan
48.1%
27Ethiopia
47.9%
29Central African Republic
44.1%
30Angola
38.6%
25Republic of the Congo
38%
22Zambia
33.4%
20Myanmar
33.3%

You're not logged in!

Compare scores with friends on all Sporcle quizzes.
OR
Log In

Sporcle TV

Today on Sporcle TV


Watch our educational content, quiz creation guides, and fun videos on Sporcle TV.

Show Comments

Extras

Top Quizzes Today


Score Distribution

Your Account Isn't Verified!

In order to create a playlist on Sporcle, you need to verify the email address you used during registration. Go to your Sporcle Settings to finish the process.

Report this User

Report this user for behavior that violates our Community Guidelines.

Details: